00310cam a22001097a 4500008004000000082002200040100001500062245005100077260003000128300001000158650003200168180718b1989 xxu||||| |||| 00| 0 eng d aY15x5413 T326 CRS aThakur, D. aPolitics of land reform in Indiacby D. Thakur aDelhibCommonwealthc1989 a212p. aLand tenure - India - Bihar